=LDR 00000nam 2200000 4500 =001 INLIS000000000037608 =005 20130612143331 =008 ***********************************Ind** =035 ##$$a0010-061300000037608 =041 ##$$a Ind =082 ##$$a 658.81 =090 ##$$a 658.81, Mar d =100 ##$$a Martin, Authony Dio =245 ##$$a 21 most powerful sales stories dan carbous, Anthony Dio Martin =260 ##$$a 2010 $b Jakarta =300 ##$$a 157 hlm, ilus, 15 cm =650 ##$$a Manajemen Pemasaran =850 ##$$a NBPNMAT =990 ##$$a 0001/BPAP-NTB/20142014